Introducción a la estadística (Registro nro. 4338)

Detalles MARC
000 -CABECERA
Longitud fija campo de control 01199nam a2200265Ia 4500
005 - • FECHA Y HORA DE LA ÚLTIMA TRANSACCIÓN
Fecha y hora de la última transacción 20220317000536.0
008 - • CÓDIGOS DE INFORMACIÓN DE LONGITUD FIJA
Códigos de información de longitud fija 160601s2003 ck a g 000 0 spa
020 ## - • NÚMERO INTERNACIONAL NORMALIZADO PARA LIBROS
Número Internacional Normalizado para Libros (ISBN) 9586008851
082 04 - • NÚMERO DE LA CLASIFICACIÓN DECIMAL DEWEY
Número de clasificación (R) 519.5
Número del ítem P67i
040 ## - FUENTE DE LA CATALOGACIÓN
Centro catalogador de origen CO-BoRNBP
Lengua de catalogación spa
Normas de descripción rda
Centro transcriptor CO-BoRNBP
100 1# - • PUNTO DE ACCESO PRINCIPAL-NOMBRE DE PERSONA
Nombre de persona Portus Govinden, Lincoyán
245 10 - • TITULO PROPIAMENTE DICHO
Título Introducción a la estadística
Mención de responsabilidad, etc. Lincoyán Portus Govinden
250 ## - • MENCIÓN DE EDICIÓN
Mención de edición 1a. edición
264 ## - PRODUCCIÓN, PUBLICACIÓN , DISTRIBUCIÓN, FABRICACIÓN Y COPYRIGHT
Lugar de producción, publicación, distribución, fabricación Bogotá
Nombre del productor, editor, distribuidor, fabricante McGraw-Hill
Fecha de de producción, publicación, distribución, fabricación o copyright 2003
300 ## - • DESCRIPCIÓN FÍSICA
Extensión 207 páginas
Otras características físicas ilustraciones
Dimensiones 27 cm
336 ## - TIPO DE CONTENIDO
Término de tipo de contenido texto
Código de tipo de contenido txt
Fuente rdacontent
337 ## - TIPO DE MEDIO
Nombre del tipo de medio sin mediación
Código del tipo de medio n
Fuente rdamedia
338 ## - TIPO DE SOPORTE
Nombre del tipo de soporte volumen
Código del tipo de soporte nc
Fuente rdacarrier
505 ## - • NOTA DE CONTENIDO CON FORMATO
Nota de contenido con formato Conceptos básicos -- Recolección de datos y formas de presentar la información -- Distribuciones de frecuencia -- Medidas de tendencia central -- Medidas de dispersión -- Distribución normal estándar, momentos, sesgos y curtosis -- Probabilidad y muestreo -- Correlación y regresión -- Series cronológicas -- Estadística sistematizada
650 14 - • PUNTO DE ACCESO ADICIONAL DE MATERIA - TÉRMINO DE MATERIA
Fuente del encabezamiento o término LEMB
Término de materia o nombre geográfico como elemento inicial Estadística
Subdivisión de materia general Enseñanza
650 14 - • PUNTO DE ACCESO ADICIONAL DE MATERIA - TÉRMINO DE MATERIA
Fuente del encabezamiento o término LEMB
Término de materia o nombre geográfico como elemento inicial Estadística
Subdivisión de materia general Problemas, ejercicios
650 14 - • PUNTO DE ACCESO ADICIONAL DE MATERIA - TÉRMINO DE MATERIA
Fuente del encabezamiento o término LEMB
Término de materia o nombre geográfico como elemento inicial Muestreo
Subdivisión de materia general Estadística
650 14 - • PUNTO DE ACCESO ADICIONAL DE MATERIA - TÉRMINO DE MATERIA
Fuente del encabezamiento o término LEMB
Término de materia o nombre geográfico como elemento inicial Correlación
Subdivisión de materia general Estadística
942 ## - ENTRADA DE ELEMENTOS AGREGADOS (KOHA)
Fuente de clasificaión o esquema Dewey Decimal Classification
Koha [por defecto] tipo de item LIbro
Existencias
Perdido Fuente de clasificación o esquema Estado Físico No para préstamo Forma de adquisición Localización permanente Localización actual Localización en estanterías Fecha adquisición Préstamos totales Signatura completa Código de barras Fecha última consulta Número de copia Fecha del precio de reemplazo Tipo de item de Koha
  Dewey Decimal Classification     Colección General Biblioteca Pública Mapiripan Biblioteca Pública Mapiripan General 12/27/2023   519.5 P67i MAP0000601 12/27/2023 Ej.1 12/27/2023 LIbro
  Clasificación Local Facetada     Colección General Biblioteca Pública Puerto Concordia Biblioteca Pública Puerto Concordia General 02/11/2026   519.5 P67i PCON00960 02/11/2026 Ej.1 02/11/2026 LIbro









Instituto Departamental de Cultura del Meta - Red Departamental de Bibliotecas Públicas del Meta.